Fernán González / (Record no. 150625)

MARC details
000 -LEADER
campo de control de longitud fija 00708nam a2200217 i 4500
001 - NÚMERO DE CONTROL
campo de control 150625
003 - IDENTIFICADOR DE NÚMERO DE CONTROL
campo de control ES-MaACL
005 - FECHA Y HORA DE LA ÚLTIMA TRANSACCIÓN
campo de control 20251017063106.0
007 - CAMPO FIJO DE DESCRIPCIÓN FÍSICA--INFORMACIÓN GENERAL
campo de control de longitud fija t|
008 - DATOS DE LONGITUD FIJA--INFORMACIÓN GENERAL
campo de control de longitud fija 071031s1971 sp a |||| |bspa d
080 ## - NÚMERO DE LA CLASIFICACIÓN DECIMAL UNIVERSAL
Número de la Clasificación Decimal Universal 929 Fernán González, Conde de Castilla
100 0# - ENTRADA PRINCIPAL--NOMBRE DE PERSONA
Nombre de persona Valentín de la Cruz,
Títulos y otros términos asociados al nombre Fray (O.C.D.)
9 (RLIN) 112611
245 10 - MENCIÓN DEL TÍTULO
Título Fernán González /
Mención de responsabilidad, etc. Fray Valentín de la Cruz.
260 ## - PUBLICACIÓN, DISTRIBUCIÓN, ETC.
Lugar de publicación, distribución, etc. Madrid :
Nombre del editor, distribuidor, etc. Publicaciones Españolas,
Fecha de publicación, distribución, etc. 1971.
300 ## - DESCRIPCIÓN FÍSICA
Extensión 76 p. :
Otras características físicas il. ;
Dimensiones 21 cm.
490 1# - MENCIÓN DE SERIE
Mención de serie Temas españoles ;
Designación de volumen o secuencia 524
600 14 - PUNTO DE ACCESO ADICIONAL DE MATERIA--NOMBRE DE PERSONA
Nombre de persona González, Fernán
Títulos y otros términos asociados al nombre Conde de Castilla.
9 (RLIN) 156558
830 0# - PUNTO DE ACCESO ADICIONAL DE SERIE-TÍTULO UNIFORME
Título uniforme Temas españoles ;
Designación de volumen o secuencia 524
9 (RLIN) 178712
852 ## - LOCALIZACIÓN
Ubicación ES-MaACL
Número de control de estantería C-42400
Holdings
Estatus retirado Estado de pérdida Estado de daño No para préstamo Biblioteca de origen Biblioteca actual Ubicación en estantería Fecha de adquisición Fuente de adquisición Total de préstamos Signatura topográfica completa Código de barras Visto por última vez Precio de reemplazo Tipo de ítem Koha
        Biblioteca del Ateneo de Madrid Biblioteca del Ateneo de Madrid Depósito 2 17/01/2008     C-42400 1157171 23/02/2023 23/02/2023 Libro impreso